00353nam a22000977a 4500008004100000041000800041080001000049100000600059101001200065245017800077181129b xxu||||| |||| 00| 0 eng d aeng a043.3 a0 aBTH-MBE aCilat jane sfidat e mjedisit te jashtem makroekonomik ne industrine e tregtise dhe industrise. Nje analize e zhvillimeve bashkekohore duke perdorur Pest analizencJashari, M